000 00752nam a2200205Ii 4500
003 JO-AjNU
008 230606s9999||||xx |||||||||||||| ||und||
020 _a978-1-8424-337-0
040 _aJO-AjNU
_beng
_erda
_cJO-AjNU
041 _aeng
050 1 4 _aPE1171.B76 2009
100 3 _aتاليف Born,E.Neville; م.مشارك Daryl J.Brown,
_eauthor
_91635
245 0 0 _aMeaning, Morphemes and Literacy: Essays in the Morphlogy of Language and its Application to Literacy
264 3 1 _aEngland: Book Guild Publishing,2009
300 _a210p
336 _atext
_btxt
_2rdacontent
337 _aunmediated
_bn
_2rdamedia
338 _avolume
_bnc
_2rdacarrier
650 4 _aEssays in the Morphlogy of Language and its Application to Literacy-Language
_91636
999 _aE858
_c858
_d858